Pokémon - Les attaques de Kokiyas - Statistiques

Statistiques générales
  • Ce quiz a été pris 12 fois
  • Le résultat moyen est 10 sur 14
Statistiques - réponses
Niveaux Types Noms des attaques % Correct
Niveau 40 Glace Laser Glace
100%
Départ Eau Pistolet à O
100%
Départ Normal Charge
80%
Niveau 44 Normal Exuviation
80%
Niveau 48 Eau Hydrocanon
80%
Niveau 36 Acier Mur de Fer
80%
Niveau 28 Normal Abri
70%
Niveau 4 Eau Repli
70%
Niveau 24 Glace Onde Boréale
60%
Niveau 16 Eau Siphon
60%
Niveau 8 Glace Éclats Glace
50%
Niveau 12 Normal Groz'Yeux
50%
Niveau 32 Eau Coqui-Lame
40%
Niveau 20 Normal Ultrason
40%
Aucun quiz correspondant
Distribution des résultats
% des personnes avec chaque résultat
Percentile par nombre de réponses
Votre historique - résultats
Vous n’avez pas pris ce quiz